000 01673nam a22003017a 4500
003 DO-SdBNP
005 20240301135835.0
007 ta
008 220207b 1969 ||||e |||| 001 0 spa d
040 _aDO-SdBNP
_bspa
_cBNPHU
082 4 _a370. 15
_bS211p, 1969
_222
100 1 _a Sánchez-Hidalgo, Efraín Sigisfredo.
_d1918-1974
_981171
245 1 0 _aPsicología educativa /
_cEfraín Sánchez Hidalgo
250 _a6a. ed., rev.
260 _aMéxico, D. F. :
_bUniversitaria,
_c1969.
300 _a578 p. :
_c23 cm.
500 _aIncluye índice de materias.
500 _aIncluye referencias bibliográficas al final de los capítulos
505 _aCapítulo :
_tPrólogo a la quinta edición revisada --
_tPrólogo a la primera edición --
_tReconocimiento --
_tIndice de materia --
505 _aParte I : Introducción
_tI. Orientación general --
_tII. Breve historia de la psicología --
_tIII. El método de la psicología --
505 _aParte II : El desarrollo humano.
_tIV. El desarrollo físico --
_tV. El desarrollo motor --
_tVI. El desarrollo emocional --
_tVII. El desarrollo social --
_tVIII. El desarrollo mental --
_tIX. El desarrollo moral --
505 _aParte III : La personalidad y la higiene mental .
_tX. La personalidad --
_tXI. La higiene mental y los ajustes del individuo --
505 _aParte IV : El aprendizaje humano.
_tXII. Dos teorías sobre el aprendizaje --
_tXIII. La naturaleza del aprendizaje --
_tXIV . Tipos de aprendizaje --
_tXV. La evaluación en la escuela moderna
590 _aInventariado, 2022 / SA
650 4 _981150
_aPsicopedagogía
910 _aSaquino/Validado. Control de calidad MFF
942 _2ddc
_cLBS1
999 _c51367
_d51367